000 00345nam a2200121Ia 4500
005 20251222154321.0
008 251222s9999||||xx |||||||||||||| ||spa||
020 _a978-608-4002-09-8
082 _a657.8/G63
100 _a"Gómez Aguirre, AntonioBobadilla la Madrid, MiguelVilla Rojas, Gloria "
245 0 _aContabilidad sectorial
942 _cLIB
999 _c33757
_d33757